| 000 | 00699nam a22002177a 4500 | ||
|---|---|---|---|
| 005 | 20260515115030.0 | ||
| 008 | 240829b |||||||| |||| 00| 0 eng d | ||
| 020 | _a9789358497328 | ||
| 040 |
_aIN-DiNC _cIN-DiNC |
||
| 041 | _dasm | ||
| 082 |
_a934 _bHUS |
||
| 100 |
_aHussain, Tachadduk Amanul _eauthor |
||
| 245 |
_aBharatbarshar itihas -II (C.300 BCE-500 CE/ Major3)/ _cby Tachadduk Amanul Hussain, Pranjal Bhuyan and Sharmistha Goswami |
||
| 250 | _a1st ed. | ||
| 260 |
_aDibrugarh: _bBanalata, _c2024. |
||
| 300 | _a192p. | ||
| 650 | _aHistory of India (II) from 300 BC - 500 CE (Major3) | ||
| 700 |
_aBhuyan, Pranjal _eauthor |
||
| 700 |
_aGoswami, Sharmistha _eauthor |
||
| 942 |
_2ddc _cBK |
||
| 999 |
_c11881 _d11881 |
||